000 00839nam a22002417a 4500
003 UA-OsUOA
001 54507
007 ta
008 20180313b un ||||| |||| 00| 0 ukr d
100 _aЛукашевич А.
090 _a902
_bЛ84
942 _cBK
040 _aUA-OsUOA
_bukr
_cUA-OsUOA
_dUA-OsUOA
245 _aВід Тебаїди до Александрії. Польська археологічна діяльність в Єгипті
300 _a184 с.
955 _a1
041 _aukr
080 _a902
260 _aК.
_bІн-т сходознав. А.Ю. Кримського НАН України
_c2013
650 7 _a9 Географія. Біографії. Історія
_2UDC
999 _c434625
_d434625